000
00264nam a22001217a 4500
003
SGT
082
_a
616.89
_b
C08B
100
_a
BYRNE, PETER
245
_a
CLINICAL CASES UNCOVERED PSYCHIATRY
260
_a
BALEK
_b
WILEY
_c
2008
300
_a
230
942
_2
ddc
_c
BK
999
_c
14860
_d
14860